| 000 | 00466cam a2200181ua 4500 | ||
|---|---|---|---|
| 001 | 6035 | ||
| 008 | 131101n ii |||gr||||Z||||||eng | ||
| 040 | _cMAIN | ||
| 082 | _a909 | ||
| 245 |
_aBiswas Sabhyatar Jilingoni _cBy Ramesh Ch. Kalita |
||
| 250 | _a1st. | ||
| 260 |
_aGUwahati: _bPublication Board Assam, _c2007. |
||
| 300 | _ax,255p. | ||
| 653 | _aWorld history | ||
| 653 | _aBiswa Sabhyatar Jilingoni | ||
| 700 |
_aKalita,Ramesh Ch., _eAuthor. |
||
| 942 | _cBK | ||
| 999 |
_c5188 _d5188 |
||